| 000 | 00714cam a22002653a 4500 | ||
|---|---|---|---|
| 001 | 30867 | ||
| 003 | PGUSA | ||
| 005 | 20140828083652.0 | ||
| 008 | 100106s2010||||xxu|||||s|||||000 1 eng d | ||
| 040 |
_aPGUSA _beng |
||
| 042 | _adc | ||
| 050 | 4 | _aP | |
| 100 | 1 | _aCalin, Harold | |
| 245 | 1 | 0 |
_aWhat Need of Man? _h[electronic resource] / _cHarold Calin |
| 260 |
_bProject Gutenberg, _c2010 |
||
| 506 | _aPublic domain in the USA. | ||
| 516 | _aElectronic text | ||
| 653 | _aSpace flight to the moon -- Fiction | ||
| 653 | _aScience fiction | ||
| 653 | _aShort stories | ||
| 700 | 1 | _aSummers, Leo | |
| 830 | 0 |
_aProject Gutenberg _v30867 |
|
| 856 | 4 | 0 | _uhttp://www.gutenberg.org/ebooks/30867 |
| 942 | _cEB | ||
| 999 |
_c260122 _d260122 |
||